Networking with Windows 2000 / (Record no. 6889)
[ view plain ]
| 000 -LEADER | |
|---|---|
| fixed length control field | 00707nam a22002292 4500 |
| 001 - CONTROL NUMBER | |
| control field | 0000005178 |
| 005 - DATE AND TIME OF LATEST TRANSACTION | |
| control field | 20151217151954.0 |
| 008 - FIXED-LENGTH DATA ELEMENTS--GENERAL INFORMATION | |
| fixed length control field | 070608s xx 000 0 eng d |
| 020 ## - INTERNATIONAL STANDARD BOOK NUMBER | |
| International Standard Book Number | 0130145580 : |
| 040 ## - CATALOGING SOURCE | |
| Original cataloging agency | KABU |
| Transcribing agency | KABU |
| 050 #0 - LIBRARY OF CONGRESS CALL NUMBER | |
| Classification number | TK5105.5 |
| Item number | .R44 |
| 100 1# - MAIN ENTRY--PERSONAL NAME | |
| Personal name | Regan, Patrick E. |
| -- | 0000156328 |
| 245 10 - TITLE STATEMENT | |
| Title | Networking with Windows 2000 / |
| Statement of responsibility, etc. | Patrick Regan. |
| 260 ## - PUBLICATION, DISTRIBUTION, ETC. (IMPRINT) | |
| Place of publication, distribution, etc. | Upper Saddle River, NJ : |
| Name of publisher, distributor, etc. | Prentice Hall, |
| Date of publication, distribution, etc. | c2001. |
| 300 ## - PHYSICAL DESCRIPTION | |
| Extent | xv, 719 p. : |
| Other physical details | ill. ; |
| Dimensions | 28 cm. |
| 500 ## - GENERAL NOTE | |
| General note | Includes index. |
| 650 #0 - SUBJECT ADDED ENTRY--TOPICAL TERM | |
| Topical term or geographic name as entry element | Computer networks. |
| -- | 0000148214 |
| 650 #0 - SUBJECT ADDED ENTRY--TOPICAL TERM | |
| Topical term or geographic name as entry element | Microsoft Windows (Computer file) |
| -- | 0000148402 |
| 908 ## - PUT COMMAND PARAMETER (RLIN) | |
| Put command parameter | 070608 |
| 950 ## - LOCAL HOLDINGS (RLIN) | |
| -- | 1 |
| Withdrawn status | Lost status | Source of classification or shelving scheme | Not for loan | Home library | Current library | Date acquired | Total Checkouts | Full call number | Barcode | Date last seen | Date last checked out | Price effective from | Koha item type |
|---|---|---|---|---|---|---|---|---|---|---|---|---|---|
| Library of Congress Classification | Kabarak, Main Campus | Kabarak, Main Campus | 17/12/2015 | 1 | TK5105.5 .R44 | 008174 | 10/03/2020 | 22/02/2020 | 17/12/2015 | General Collection |